000 00376nam a22001457a 4500
005 20240306143010.0
008 240306b ||||| |||| 00| 0 eng d
040 _cAL
041 _aeng
082 _223
_a332.64
_bFINA
245 _aFinancial Derivatives in India
260 _aMangalore
_bSt Aloysius College
_c2001
700 _aKOTIAN (Pramit)
_9153250
942 _2ddc
_cPRO
999 _c230108
_d230108